000 00562nam a2200157Ia 4500
008 170221s9999 xx 000 0 und d
100 _aMichael Aondo-verr Kombol
245 _aUses of Social Media among Selected Labour Unions in Abuja during Nigeria’s (January 2012) “Oil Subsidy” Removal Protests
245 _cMichael Aondo-verr Kombol
260 _bStudies in Media and Communication
260 _c2013
300 _a33 : 4
650 _xCommunication
650 _xMedia Arts
856 _uhttp://redfame.com/journal/index.php/smc/issue/view/15
999 _c311010
_d311010